Quản lý nâng cao hiệu quả sử dụng hệ thống hành chính điện tử ở Trường Đại học Đồng Tháp Luận văn thạc sĩ giáo dục học. Chuyên ngành: Quản lý giáo dục. Mã số: 60140114

Đã lưu trong:
Sonraí Bibleagrafaíochta
Príomhúdar: Huỳnh, Thiện Tân
Údair Eile: Phạm, Minh Giản (Hướng dẫn)
Formáid: Luận văn Trealamh Leabhar
Teanga:Vietnamese
Foilsithe: Đồng Tháp Đại học Đồng Tháp 2017
Ábhair:
Clibeanna: Cuir Clib Leis
Gan Chlibeanna, Bí ar an gcéad duine leis an taifead seo a chlibeáil!
Thư viện lưu trữ: Trung tâm Học liệu Lê Vũ Hùng, Trường Đại học Đồng Tháp
LEADER 01308ppm a22003018a 4500
001 00039879
005 20171026081025.0
008 170627s2017 ||||||viesd
041 0 # |a vie 
082 1 4 |b QU105L  |a 378.1 
100 1 # |a Huỳnh, Thiện Tân 
245 0 0 |a Quản lý nâng cao hiệu quả sử dụng hệ thống hành chính điện tử ở Trường Đại học Đồng Tháp  |b Luận văn thạc sĩ giáo dục học. Chuyên ngành: Quản lý giáo dục. Mã số: 60140114  |c Huỳnh Thiện Tân; Phạm Minh Giản (hướng dẫn) 
260 # # |a Đồng Tháp  |b Đại học Đồng Tháp  |c 2017 
300 # # |a 81 tr.+phụ lục  |c 30cm.  |e 1 bản tóm tắt 
500 # # |a ĐTTS ghi: Bộ giáo dục và đào tạo. Trường Đại học Đồng tháp 
653 # # |a Hiệu quả 
653 # # |a Hành chính 
653 # # |a Đại học Đồng Tháp 
653 # # |a Quản lí giáo dục 
653 # # |a Luận văn 
700 1 # |a Phạm, Minh Giản  |e Hướng dẫn 
852 # # |j LV.0001182  |j LV.0001495 
852 # # |b Kho đọc SĐH  |j LV.0001182 
910 0 # |d 27/06/2017 
980 # # |a Trung tâm Học liệu Lê Vũ Hùng, Trường Đại học Đồng Tháp